[Event "ICS rated standard match"]
[Site "204.178.125.65"]
[Date "2001.07.29"]
[Round "?"]
[White "Hossa"]
[Black "PostModernist"]
[Result "1/2-1/2"]
[WhiteElo "2002"]
[BlackElo "2438"]
[PlyCount "55"]
[EventDate "2001.??.??"]

1. Nf3 c5 2. c4 g6 3. Nc3 Bg7 4. d4 cxd4 5. Nxd4 Nc6 6. Nxc6 bxc6 7. e4 Rb8 8.
Be2 Bxc3+ 9. bxc3 Nf6 10. Qd4 Qa5 11. O-O d6 12. Re1 O-O 13. Bh6 Rd8 14. Bf3
Be6 15. e5 dxe5 16. Rxe5 Qa4 17. Qe3 Qxc4 18. Be2 Qh4 19. Bg5 Qa4 20. Rxe6 fxe6
21. Qxe6+ Kf8 22. Bxf6 exf6 23. Qxf6+ Kg8 24. Qe6+ Kg7 25. Qe7+ Kg8 26. Qe6+
Kh8 27. Qe5+ Kg8 28. Qe6+ {Game drawn by repetition} 1/2-1/2

[Event "ICS rated standard match"]
[Site "204.178.125.65"]
[Date "2001.07.29"]
[Round "?"]
[White "PostModernist"]
[Black "Hossa"]
[Result "1/2-1/2"]
[WhiteElo "2424"]
[BlackElo "2016"]
[PlyCount "194"]
[EventDate "2001.??.??"]

1. e4 e6 2. Qe2 Nc6 3. g3 d5 4. d3 dxe4 5. dxe4 Bc5 6. Nc3 Nf6 7. Bg5 h6 8. Be3
Bxe3 9. Qxe3 Ng4 10. Qe2 e5 11. Bg2 Be6 12. h3 Nf6 13. Qb5 Rb8 14. Nf3 Qd6 15.
Rd1 Qb4 16. Qxb4 Nxb4 17. Nxe5 Nxc2+ 18. Kd2 Nd4 19. f4 Rd8 20. Kc1 c5 21. f5
Bd7 22. g4 b6 23. Bf1 O-O 24. Bc4 Bc6 25. Rhe1 Bb7 26. a4 a6 27. h4 b5 28. g5
bxc4 29. gxf6 gxf6 30. Nxc4 Rfe8 31. Na5 Ba8 32. h5 Kh7 33. Nc4 Nb3+ 34. Kc2
Nd4+ 35. Kb1 Rb8 36. a5 Re7 37. Nb6 Bc6 38. Ncd5 Bxd5 39. Nxd5 Reb7 40. Nb6 Kh8
41. Rg1 Nf3 42. Rg4 Nd4 43. Rd2 Nb3 44. Rd6 Nxa5 45. Na4 Nc4 46. Rxf6 Kh7 47.
Rg2 a5 48. Ka2 Ne3 49. Re2 Ng4 50. Ra6 Ne5 51. Rxa5 Nd3 52. Rg2 c4 53. f6 Kh8
54. Ka1 Rb5 55. Rxb5 Rxb5 56. Rc2 Rxh5 57. Rxc4 Kh7 58. Rc3 Nb4 59. Rc1 Kg6 60.
Rf1 Rb5 61. Kb1 h5 62. Kc1 Re5 63. Nc3 Re6 64. Kd2 Rxf6 65. Rg1+ Kh6 66. Ke3
Rd6 67. Ne2 Rd3+ 68. Kf4 Rh3 69. Nd4 Nd3+ 70. Kf5 Nf2 71. Rg2 Ng4 72. Kf4 Kg6
73. b4 f6 74. Nf3 Rh1 75. Rg1 Rxg1 76. Nxg1 Ne5 77. b5 Nc4 78. Ne2 Kf7 79. Ng3
Kg6 80. Nf5 Kf7 81. Ne3 Nd6 82. b6 Ke6 83. Nc4 h4 84. Na5 Kd7 85. Kf3 Kc8 86.
Kg4 Nxe4 87. Kh3 Nc3 88. Kxh4 Na4 89. b7+ Kb8 90. Kh5 Nc5 91. Kh6 f5 92. Kg5
Ne4+ 93. Kxf5 Nd6+ 94. Kf6 Ne4+ 95. Kf7 Nd6+ 96. Kf8 Kc7 97. b8=Q+ Kxb8 {
Game drawn because neither player has mating material} 1/2-1/2

[Event "ICS rated standard match"]
[Site "204.178.125.65"]
[Date "2001.07.29"]
[Round "?"]
[White "Hossa"]
[Black "PostModernist"]
[Result "0-1"]
[WhiteElo "2029"]
[BlackElo "2411"]
[PlyCount "93"]
[EventDate "2001.??.??"]

1. d4 d5 2. Nf3 c6 3. e3 Bf5 4. Bd3 e6 5. Bxf5 exf5 6. Nbd2 Nf6 7. c4 Bd6 8.
Qc2 f4 9. e4 dxe4 10. Nxe4 Qe7 11. Nfd2 Nxe4 12. Qxe4 Nd7 13. O-O O-O-O 14. Qf5
g6 15. Qa5 Kb8 16. Nf3 Qe6 17. b3 Rhe8 18. Re1 Qf6 19. Bb2 h5 20. a4 Bc7 21.
Qd2 Rxe1+ 22. Rxe1 Qf5 23. Ba3 Ne5 24. Nxe5 Bxe5 25. Qa5 Rxd4 26. Bc5 b6 27.
Bxb6 axb6 28. Qxb6+ Kc8 29. Qxc6+ Kb8 30. Qb6+ Kc8 31. a5 Qe4 32. Qc5+ Bc7 33.
Qf8+ Bd8 34. Qc5+ Kd7 35. Qb4 Qc6 36. Qf8 Kc8 37. a6 Rd7 38. Qa3 Kb8 39. Kf1
Ka7 40. Ra1 f3 41. gxf3 Qxf3 42. Kg1 Bc7 43. Qb2 Qh3 44. f3 Bb6+ 45. c5 Bxc5+
46. Qf2 Bxf2+ 47. Kxf2 {Hossa resigns} 0-1

[Event "ICS rated standard match"]
[Site "204.178.125.65"]
[Date "2001.07.29"]
[Round "?"]
[White "monsoon"]
[Black "Hossa"]
[Result "1-0"]
[WhiteElo "2448"]
[BlackElo "2026"]
[PlyCount "124"]
[EventDate "2001.??.??"]

1. d4 d5 2. c4 e5 3. dxe5 d4 4. Nf3 Nc6 5. g3 Be6 6. Nbd2 Qd7 7. Bg2 O-O-O 8.
O-O h5 9. Qa4 Kb8 10. b4 Nxb4 11. Qxd7 Rxd7 12. Ng5 d3 13. Nxe6 fxe6 14. exd3
Nxd3 15. Nf3 h4 16. Nxh4 Nxe5 17. Bf4 Bd6 18. Rab1 b6 19. c5 Nd3 20. Bxd6 cxd6
21. cxb6 Nc5 22. Ng6 Rh6 23. Ne5 dxe5 24. Rfc1 axb6 25. Rxc5 Rd6 26. Rxe5 Kc7
27. Rg5 g6 28. Be4 Ne7 29. Rgb5 Nd5 30. Rd1 Kc6 31. Rb4 g5 32. Rc4+ Kd7 33.
Rcd4 Kc6 34. Rc4+ Kd7 35. Rcd4 Kc6 36. Rc1+ Kd7 37. Rb1 Rh8 38. Ra4 Nc7 39. Ra7
Rc8 40. Rb7 Rd4 41. f3 b5 42. R1xb5 Rd1+ 43. Kf2 Rd2+ 44. Ke3 Rxh2 45. a4 Ra2
46. a5 Ra3+ 47. Kd4 g4 48. fxg4 Rxg3 49. Rg5 Kd6 50. Rb6+ Ke7 51. Rc6 Kf7 52.
Ke5 Rb3 53. a6 Ra3 54. Rc5 Ra1 55. Bb7 Re1+ 56. Kf4 Nd5+ 57. Rgxd5 Rf8 58. Rd3
Kf6 59. g5+ Kg6+ 60. Kg4 Rg1+ 61. Rg3 Ra1 62. Be4+ Kg7 {Hossa resigns} 1-0

[Event "ICS rated standard match"]
[Site "204.178.125.65"]
[Date "2001.07.29"]
[Round "?"]
[White "Hossa"]
[Black "Tinker"]
[Result "1-0"]
[WhiteElo "2023"]
[BlackElo "2257"]
[PlyCount "125"]
[EventDate "2001.??.??"]

1. d4 d5 2. c4 e6 3. Nc3 Nf6 4. Bg5 Bb4 5. Nf3 Nbd7 6. cxd5 exd5 7. e3 c5 8.
Bb5 Qa5 9. Bxf6 Qxb5 10. Bxg7 Rg8 11. Bh6 Qc6 12. Bf4 Rxg2 13. Bg3 Nf6 14. Qb3
cxd4 15. Qxb4 dxc3 16. Qxc3 Qxc3+ 17. bxc3 Bd7 18. Nh4 Rxg3 19. hxg3 Rc8 20.
Nf3 Rxc3 21. Nd4 h5 22. O-O Ne4 23. Rfb1 Rc7 24. Rc1 Kd8 25. Rxc7 Kxc7 26. Kg2
Nf6 27. f3 Kd6 28. Rb1 b6 29. Rb3 Kc7 30. Ra3 a5 31. Rb3 Kb7 32. Kf2 Ne8 33.
Rb1 Kc7 34. Ne2 Nf6 35. Rh1 Bf5 36. Rc1+ Kd6 37. Nd4 Bd7 38. a3 b5 39. Nb3 b4
40. Nxa5 bxa3 41. Ra1 Kc5 42. Rxa3 Kb4 43. Ra1 Nh7 44. Nb7 f5 45. Ra6 Ng5 46.
Rb6+ Kc4 47. Rg6 Ne6 48. Nd6+ Kc3 49. Nxf5 Nc5 50. Rg5 Nd3+ 51. Kf1 Bb5 52. Ne7
Bc4 53. Nxd5+ Kd2 54. Kg1 Ne1 55. Rxh5 Be2 56. Nf4 Bxf3 57. Rh2+ Kxe3 58. Kf1
Nd3 59. Nxd3 Kxd3 60. Kf2 Be2 61. Rh4 Bd1 62. Rf4 Bh5 63. g4 {Tinker resigns}
1-0

[Event "ICS Rated standard match"]
[Site "204.178.125.65"]
[Date "2001.07.29"]
[Round "?"]
[White "Tinker"]
[Black "Hossa"]
[Result "1/2-1/2"]
[WhiteElo "2232"]
[BlackElo "2048"]
[PlyCount "220"]
[EventDate "2001.??.??"]

1. e4 e6 2. d4 d5 3. Nd2 Nf6 4. e5 Nfd7 5. Bd3 c5 6. c3 Nc6 7. Ne2 cxd4 8. cxd4
f6 9. exf6 Qxf6 10. Nf3 e5 11. Nc3 exd4 12. Qe2+ Qe7 13. Nxd5 Qxe2+ 14. Bxe2
Bd6 15. O-O Nde5 16. Nxe5 Bxe5 17. Bb5 Kf7 18. f4 Bd6 19. f5 Rf8 20. Bg5 h6 21.
Bf4 Bxf4 22. Rxf4 Bd7 23. Bc4 Rad8 24. Re1 g6 25. Ne7+ Kf6 26. Nxg6 Rfe8 27.
Rd1 Bc8 28. Nh4 a6 29. Rg4 Ne5 30. Rgxd4 Rxd4 31. Rxd4 Bxf5 32. Nxf5 Kxf5 33.
Bb3 Rc8 34. Rd6 Rc6 35. Be6+ Kf6 36. Rxc6 bxc6 37. Bc8 a5 38. Ba6 Kf5 39. Kf2
Ke4 40. Bb7 Nd3+ 41. Ke2 Nc1+ 42. Kd2 Nxa2 43. Bxc6+ Kd4 44. h3 Nb4 45. Bb5 Nd5
46. g4 Ke5 47. Be2 Nf4 48. h4 Ke4 49. Bd1 Ke5 50. Bc2 Ng2 51. g5 h5 52. Bg6
Nxh4 53. Bxh5 Kf5 54. g6 Kf6 55. Kc3 Kg7 56. Kc4 Kh6 57. b3 Nf5 58. Be2 Ne3+
59. Kd4 Nc2+ 60. Kc3 Nb4 61. Bd3 Nd5+ 62. Kc4 Nf4 63. Bb1 Ne2 64. Be4 Kg7 65.
Bf5 Nf4 66. Kc5 Ne2 67. Bc2 Nf4 68. Kb5 Ne2 69. Kc4 Kf6 70. Bd3 Nc1 71. Be4 Kg7
72. Kc3 Ne2+ 73. Kc4 Nc1 74. Bd3 Kf6 75. Kc3 Na2+ 76. Kc2 Nb4+ 77. Kc3 Na2+ 78.
Kd4 Nc1 79. Kc4 Kg7 80. Kc3 Na2+ 81. Kc2 Nb4+ 82. Kc3 Na2+ 83. Kd2 Nb4 84. Bb1
Nd5 85. Kd3 Nf4+ 86. Kd4 Ne2+ 87. Kd3 Nf4+ 88. Kc4 Ne2 89. Bd3 Nc1 90. Bc2 Ne2
91. Bb1 Kh6 92. Bf5 Kg7 93. Kd3 Nf4+ 94. Kc2 Nd5 95. Kb2 Nb6 96. Ka3 Kf6 97.
Be4 Kg7 98. Bd3 Kf6 99. Bc2 Kg7 100. Be4 Nd7 101. Kb2 Nf6 102. Bf5 Nd5 103. Ka3
Nc3 104. Bd3 Nd1 105. b4 axb4+ 106. Ka4 Nc3+ 107. Kxb4 Nd5+ 108. Ka3 Nf4 109.
Ka2 Kf6 110. g7 Kxg7 {Game drawn because neither player has mating material}
1/2-1/2

[Event "ICS rated standard match"]
[Site "204.178.125.65"]
[Date "2001.07.29"]
[Round "?"]
[White "Hossa"]
[Black "Tinker"]
[Result "1-0"]
[WhiteElo "2056"]
[BlackElo "2224"]
[PlyCount "95"]
[EventDate "2001.??.??"]

1. d4 d5 2. c4 e6 3. Nc3 Nf6 4. Bg5 Bb4 5. Nf3 h6 6. Bxf6 Qxf6 7. e3 O-O 8. Qb3
Nc6 9. cxd5 exd5 10. Qxd5 Qg6 11. Qb3 Ba5 12. O-O-O Rb8 13. d5 Ne7 14. Qa3 Bxc3
15. bxc3 Qf6 16. Rd4 Ra8 17. Qc5 Rd8 18. e4 Qf4+ 19. Kb2 Qd6 20. Qxd6 cxd6 21.
Rb4 Rb8 22. Nd4 Bg4 23. Bb5 Bh5 24. f3 Nc8 25. Kc2 Bg6 26. a4 a5 27. Rb3 Nb6
28. Rhb1 Rbc8 29. Ba6 Nxd5 30. Bxb7 Rc5 31. Bxd5 Rxd5 32. Rb8 Rxb8 33. Rxb8+
Kh7 34. Rb5 Rg5 35. g4 Rc5 36. Rxc5 dxc5 37. Nb3 f6 38. Nxa5 h5 39. gxh5 Be8
40. Kb3 Bf7+ 41. c4 Bxh5 42. Nb7 Bxf3 43. Nxc5 f5 44. exf5 Bd1+ 45. Kb4 Kg8 46.
a5 Bf3 47. a6 Bc6 48. Ka5 {Tinker resigns} 1-0

[Event "ICS rated blitz match"]
[Site "204.178.125.65"]
[Date "2001.07.29"]
[Round "?"]
[White "koker"]
[Black "Hossa"]
[Result "1-0"]
[WhiteElo "2288"]
[BlackElo "2569"]
[PlyCount "179"]
[EventDate "2001.??.??"]

1. e4 e6 2. d4 d5 3. e5 Nc6 4. c3 f6 5. Nf3 fxe5 6. dxe5 Bc5 7. Bd3 Nge7 8. O-O
O-O 9. Nbd2 Nf5 10. Nb3 Be7 11. Nbd4 Nfxd4 12. cxd4 Nb4 13. Bb1 c5 14. a3 Na6
15. Qd3 Rf5 16. g4 c4 17. Qc2 Qe8 18. gxf5 exf5 19. Kh1 Qh5 20. Ng1 Be6 21. f4
Nc7 22. Be3 b5 23. Qe2 Qh4 24. Nf3 Qh5 25. Bc2 b4 26. axb4 Bxb4 27. Bd2 Bxd2
28. Qxd2 a6 29. Ne1 Nb5 30. Bd1 Qh3 31. Rf3 Qh6 32. Ng2 Bf7 33. Ne3 g6 34. Be2
Be6 35. Nd1 Qh4 36. Nc3 Nxc3 37. bxc3 Bd7 38. Qe1 Qh6 39. Qg3 a5 40. Rff1 a4
41. Rfb1 Be6 42. Rb2 a3 43. Rba2 Qf8 44. Qe1 Qh6 45. Qc1 g5 46. fxg5 Qh4 47.
Qe3 f4 48. Qg1 Rf8 49. Bf3 Rf5 50. Rxa3 Rxg5 51. Qxg5+ Qxg5 52. Rg1 h6 53.
Rxg5+ hxg5 54. Ra1 Kg7 55. Rg1 Kh6 56. Kg2 g4 57. Bd1 Bf5 58. h3 Be4+ 59. Kf2
g3+ 60. Rxg3 fxg3+ 61. Kxg3 Kg7 62. Kf4 Kf7 63. Kg5 Ke7 64. Bg4 Bc2 65. Bf5 Bd3
66. Kf4 Bf1 67. e6 Kf6 68. h4 Be2 69. Bg4 Bxg4 70. Kxg4 Kxe6 71. Kg5 Ke7 72.
Kf5 Kd6 73. Kf6 Kc6 74. Ke5 Kd7 75. Kxd5 Ke7 76. Kxc4 Kf6 77. Kd5 Kg6 78. c4
Kg7 79. c5 Kf6 80. c6 Ke7 81. h5 Ke8 82. h6 Kf7 83. h7 Kf6 84. c7 Kf7 85. c8=Q
Kg6 86. Qe6+ Kg5 87. h8=Q Kf4 88. Qhf6+ Kg3 89. Qg8+ Kh2 90. Qfh8# {
Hossa checkmated} 1-0

[Event "ICS rated standard match"]
[Site "204.178.125.65"]
[Date "2001.07.29"]
[Round "?"]
[White "Hossa"]
[Black "monsoon"]
[Result "1-0"]
[WhiteElo "2079"]
[BlackElo "2451"]
[PlyCount "159"]
[EventDate "2001.??.??"]

1. e4 e5 2. Nf3 Nc6 3. Bb5 a6 4. Ba4 Nf6 5. O-O Be7 6. Re1 b5 7. Bb3 d6 8. c3
O-O 9. h3 Bb7 10. d4 Re8 11. Nbd2 Bf8 12. d5 Nb8 13. Nf1 Nbd7 14. N3h2 Nc5 15.
Bc2 c6 16. b4 Ncd7 17. dxc6 Bxc6 18. Ng4 Be7 19. Nxf6+ Nxf6 20. Qe2 a5 21. Rd1
Qc7 22. Bd2 Qb7 23. Re1 axb4 24. cxb4 Bd8 25. Ng3 d5 26. exd5 Bxd5 27. Bg5 Bxg2
28. Bxf6 Bxf6 29. Ne4 Bxe4 30. Bxe4 Qd7 31. Bxa8 Rxa8 32. Qg4 Qb7 33. Rac1 g6
34. Qg2 Qxg2+ 35. Kxg2 Rxa2 36. Re4 Ra8 37. Rc6 Bg7 38. Rb6 f5 39. Re2 e4 40.
Rxb5 Bf6 41. Rb7 Rc8 42. b5 Bd4 43. Rd2 Be5 44. Rd5 Re8 45. Rdd7 f4 46. Re7 Kf8
47. Rxe8+ Kxe8 48. Rxh7 Bd4 49. Rh4 Be5 50. b6 Kd7 51. Rg4 Kc6 52. Rxg6+ Kb7
53. Re6 Bc3 54. Rxe4 Kxb6 55. Kf3 Bd2 56. Rc4 Kb5 57. Rc2 Ba5 58. Kxf4 Bd8 59.
h4 Bf6 60. h5 Kb6 61. h6 Kb7 62. h7 Bh8 63. Ke4 Kb8 64. f4 Kb7 65. f5 Ba1 66.
Rb2+ Bxb2 67. Kd5 Bh8 68. Ke6 Ka6 69. f6 Kb5 70. f7 Kc4 71. f8=Q Bd4 72. h8=Q
Bxh8 73. Qxh8 Kd3 74. Qh5 Kc4 75. Qd1 Kb5 76. Qd4 Ka6 77. Qb4 Ka7 78. Kd7 Ka8
79. Kc8 Ka7 80. Qb7# {monsoon checkmated} 1-0

[Event "ICS rated standard match"]
[Site "204.178.125.65"]
[Date "2001.07.29"]
[Round "?"]
[White "monsoon"]
[Black "Hossa"]
[Result "0-1"]
[WhiteElo "2422"]
[BlackElo "2108"]
[PlyCount "170"]
[EventDate "2001.??.??"]

1. e4 e6 2. d4 d5 3. Nd2 Nf6 4. e5 Nfd7 5. Bd3 c5 6. c3 Nc6 7. Ne2 cxd4 8. cxd4
f6 9. exf6 Qxf6 10. Nf3 e5 11. Bg5 Bb4+ 12. Nc3 Qd6 13. Be2 e4 14. Nh4 O-O 15.
Bh5 Nf6 16. Be3 Nxh5 17. Qxh5 Qd8 18. g3 Be6 19. O-O g6 20. Qd1 Bh3 21. Ng2 Rf3
22. Rc1 Rb8 23. Qb3 Bxc3 24. Qxc3 Rc8 25. Qd2 Qd7 26. b4 Rcf8 27. b5 Ne7 28.
Qb4 Nf5 29. Bd2 Qg7 30. Qc5 Qxd4 31. Bb4 Qxc5 32. Bxc5 Rf6 33. Rfd1 Bxg2 34.
Kxg2 b6 35. Bb4 Rf7 36. Rc8+ Kg7 37. Rd8 d4 38. Re1 Nh6 39. Rxd4 Rxf2+ 40. Kg1
e3 41. Bc3 Nf5 42. Rd2+ Kh6 43. Rxf2 exf2+ 44. Kxf2 Nd4+ 45. Kg2 Nxb5 46. Bd2+
Kg7 47. Bf4 Nc7 48. Kh3 Nd5 49. Be5+ Kg8 50. Bb8 a6 51. Be5 Rf2 52. Rd1 Ne3 53.
Rd8+ Rf8 54. Rd3 Nc4 55. Bf4 Kg7 56. Rd7+ Rf7 57. Rd8 h6 58. Rc8 b5 59. Rc6 g5
60. Bb8 Rf6 61. Rc7+ Kg6 62. Ba7 Kf5 63. Bc5 h5 64. Bb4 Re6 65. Bc3 Re3 66.
Rf7+ Ke6 67. Rf6+ Kd5 68. Ba1 Re1 69. Bc3 Rc1 70. Bb4 a5 71. Bf8 Ke4 72. Rf2
Rd1 73. Bg7 Ne3 74. Bf8 Rd5 75. Ba3 Ng4 76. Rb2 b4 77. Bxb4 axb4 78. Rxb4+ Kf3
79. Rb3+ Ne3 80. a3 Re5 81. Rc3 Re4 82. Rxe3+ Rxe3 83. a4 Re5 84. a5 Rxa5 85.
g4 hxg4# {monsoon checkmated} 0-1

[Event "ICS rated standard match"]
[Site "204.178.125.65"]
[Date "2001.07.29"]
[Round "?"]
[White "ChesterX"]
[Black "Hossa"]
[Result "1-0"]
[WhiteElo "2580"]
[BlackElo "2135"]
[PlyCount "102"]
[EventDate "2001.??.??"]

1. d4 e6 2. c4 Nf6 3. Nc3 Be7 4. Bg5 c5 5. e3 cxd4 6. exd4 d5 7. Nf3 Nc6 8. Rc1
O-O 9. c5 Ne4 10. Bxe7 Qxe7 11. Bb5 Ng5 12. Bxc6 Nxf3+ 13. Qxf3 bxc6 14. O-O
Ba6 15. Rfe1 Rab8 16. b3 Qh4 17. Rcd1 Rfe8 18. Re5 g6 19. Qe3 Rb4 20. Nb1 Kg7
21. a3 Rb7 22. Nd2 Reb8 23. Re1 h6 24. Qc3 Qf4 25. R5e3 Qf5 26. Rf3 Qg5 27. Rg3
Qf4 28. Ree3 Kg8 29. Ref3 Qc7 30. Qe3 Kg7 31. Rg4 h5 32. Rh4 Qe7 33. Rhf4 Rf8
34. Rf6 Qc7 35. R3f4 Qb8 36. b4 Rd7 37. Nf3 Qb5 38. Qc1 Rc7 39. Ne5 Qe2 40.
Nxg6 fxg6 41. Rxf8 Bd3 42. Re8 a6 43. Rff8 Qe4 44. Rh8 Kf6 45. h4 Qg4 46. Ref8+
Rf7 47. Rxf7+ Kxf7 48. Qh6 Qd1+ 49. Kh2 Qh1+ 50. Kxh1 e5 51. Qf8+ Ke6 {
Hossa resigns} 1-0

[Event "ICS rated standard match"]
[Site "204.178.125.65"]
[Date "2001.07.29"]
[Round "?"]
[White "Hossa"]
[Black "monsoon"]
[Result "1-0"]
[WhiteElo "2133"]
[BlackElo "2395"]
[PlyCount "193"]
[EventDate "2001.??.??"]

1. Nf3 d5 2. c4 e6 3. d4 Nf6 4. Nc3 Bb4 5. cxd5 exd5 6. a3 Bxc3+ 7. bxc3 Ne4 8.
Bb2 O-O 9. e3 Qd6 10. Bd3 Qb6 11. Qc2 Qg6 12. g3 Bf5 13. Ne5 Qb6 14. O-O-O f6
15. g4 fxe5 16. gxf5 exd4 17. Bxe4 dxe4 18. Rxd4 Nc6 19. Rd5 Rae8 20. Rg1 Ne7
21. c4 Nxf5 22. Rg5 Qe6 23. Re5 Qd7 24. Rexf5 Rxf5 25. Rxg7+ Qxg7 26. Bxg7 Kxg7
27. f4 Kf7 28. Qd1 Re7 29. Kb2 Ra5 30. Kb3 b6 31. h3 Rf5 32. Qd8 c6 33. Qc8 Rf6
34. c5 Rg6 35. Kc4 b5+ 36. Kd4 Rf6 37. h4 Kg7 38. Qa8 Rfe6 39. Qd8 h6 40. Kc3
Kg6 41. Qd1 Rg7 42. f5+ Kxf5 43. Qh5+ Kf6 44. Qxh6+ Kf7 45. Qf4+ Kg8 46. Qb8+
Kh7 47. Qf8 Rge7 48. Kb4 Kg6 49. Qg8+ Kf6 50. h5 Rf7 51. h6 Ree7 52. Qc8 Rc7
53. Qg4 Rfe7 54. Qg3 Kf5 55. Qf4+ Kg6 56. Kb3 a5 57. Kc2 Rcd7 58. Kc1 a4 59.
Kb2 Kh7 60. Kc3 Rd5 61. Kb4 Rde5 62. Qf8 Rc7 63. Ka5 Re6 64. Qf5+ Rg6 65. Qxe4
Rf7 66. Kb6 Rff6 67. Qc2 Rf3 68. Qe2 Rfg3 69. Qf2 R3g4 70. Qc2 Kxh6 71. Qh2+
Kg7 72. Qe5+ Kf7 73. e4 Rf6 74. Qc7+ Kg6 75. Qe7 b4 76. e5 Rff4 77. axb4 Rxb4+
78. Kxc6 Rgf4 79. Qe6+ Kg5 80. Qg8+ Kf5 81. e6 Kf6 82. Qf7+ Ke5 83. Qd7 Rbe4
84. e7 Kf6 85. e8=R Rxe8 86. Qxe8 Rb4 87. Qd8+ Kf5 88. Qd5+ Kg4 89. Kd6 Rf4 90.
c6 a3 91. c7 Rf6+ 92. Ke7 Rf4 93. c8=Q+ Kg3 94. Qc3+ Kh2 95. Qh5+ Kg1 96. Qg3+
Kf1 97. Qd1# {monsoon checkmated} 1-0

[Event "ICS rated standard match"]
[Site "204.178.125.65"]
[Date "2001.07.29"]
[Round "?"]
[White "Hossa"]
[Black "PostModernist"]
[Result "0-1"]
[WhiteElo "2150"]
[BlackElo "2393"]
[PlyCount "91"]
[EventDate "2001.??.??"]

1. d4 d5 2. c4 Bf5 3. Qb3 e5 4. Qxb7 Nd7 5. dxe5 d4 6. Nd2 Rb8 7. Qf3 Nh6 8.
Qf4 g5 9. Qxd4 Bc5 10. Qc3 Ng4 11. Nh3 Bb4 12. Qg3 Nc5 13. a3 Ne4 14. Qd3 Nxd2
15. Qxd8+ Rxd8 16. axb4 Nb3 17. e4 Nxa1 18. exf5 Nc2+ 19. Ke2 h6 20. e6 fxe6
21. fxe6 Rd6 22. f4 Rxe6+ 23. Kd2 Nxb4 24. Be2 Nf6 25. Rd1 O-O 26. Ke1 Rfe8 27.
Ng1 Ng4 28. Rd7 Na2 29. Bd2 Rb6 30. Kf1 Nxh2+ 31. Kf2 Rxb2 32. fxg5 hxg5 33. c5
Rc2 34. Nh3 g4 35. Nf4 g3+ 36. Kg1 Rb8 37. Be1 Rc1 38. Nd3 Rcb1 39. Re7 R8b3
40. Bh5 Rxd3 41. Bg6 Nb4 42. Re5 Ng4 43. Re2 Rc1 44. Re8+ Kg7 45. Bxd3 Nxd3 46.
Kf1 {Hossa resigns} 0-1

[Event "ICS rated blitz match"]
[Site "204.178.125.65"]
[Date "2001.07.29"]
[Round "?"]
[White "Hossa"]
[Black "Yousef"]
[Result "1-0"]
[WhiteElo "2573"]
[BlackElo "2103"]
[PlyCount "77"]
[EventDate "2001.??.??"]

1. e4 d5 2. exd5 c6 3. dxc6 e5 4. cxb7 Bxb7 5. Bb5+ Nd7 6. Nf3 e4 7. Ne5 Ngf6
8. O-O Bd6 9. Nc4 Bc7 10. d4 O-O 11. b3 a6 12. Ba4 Nb6 13. Ba3 Nxa4 14. Bxf8
Nb2 15. Nxb2 Kxf8 16. Nc4 Rc8 17. c3 Bb8 18. Qe2 Qc7 19. g3 e3 20. Qxe3 Qc6 21.
f3 Re8 22. Qf2 Qd5 23. Nbd2 Qh5 24. Rfe1 Rd8 25. Ne4 Nxe4 26. fxe4 Bc8 27. Rf1
Bh3 28. Qf3 Bg4 29. Qe3 Kg8 30. e5 Be6 31. Qf3 Bg4 32. Qc6 Bd7 33. Qxa6 Be6 34.
Qc6 Bd5 35. Qb6 Rf8 36. Qc5 Ba8 37. e6 Qh3 38. d5 fxe6 39. Rxf8# {
Yousef checkmated} 1-0

[Event "ICS rated blitz match"]
[Site "204.178.125.65"]
[Date "2001.07.29"]
[Round "?"]
[White "Yousef"]
[Black "Hossa"]
[Result "0-1"]
[WhiteElo "2101"]
[BlackElo "2575"]
[PlyCount "27"]
[EventDate "2001.??.??"]

1. d3 d5 2. Nc3 d4 3. Nb1 e5 4. e4 dxe3 5. Bxe3 Nh6 6. Bxh6 gxh6 7. Nc3 Nc6 8.
g3 Bb4 9. Bg2 Nd4 10. Nge2 Bg4 11. f3 Nxf3+ 12. Kf2 Bc5+ 13. d4 Nxd4 14. Nxd4 {
Yousef resigns} 0-1

[Event "ICS rated blitz match"]
[Site "204.178.125.65"]
[Date "2001.07.29"]
[Round "?"]
[White "Yousef"]
[Black "Hossa"]
[Result "0-1"]
[WhiteElo "2097"]
[BlackElo "2579"]
[PlyCount "38"]
[EventDate "2001.??.??"]

1. e4 e5 2. Nf3 Nc6 3. Bc4 Nf6 4. d3 Be7 5. c3 O-O 6. O-O d5 7. exd5 Nxd5 8.
Nbd2 Bg4 9. h3 Bh5 10. g4 Bg6 11. Ne4 a6 12. Bb3 Qd7 13. Bc2 f5 14. gxf5 Bxf5
15. h4 Bg4 16. Ned2 Bxf3 17. Nxf3 Qg4+ 18. Kh1 Rxf3 19. d4 Rh3# {
Yousef checkmated} 0-1

[Event "ICS rated blitz match"]
[Site "204.178.125.65"]
[Date "2001.07.29"]
[Round "?"]
[White "Hossa"]
[Black "Yousef"]
[Result "1-0"]
[WhiteElo "2581"]
[BlackElo "2095"]
[PlyCount "26"]
[EventDate "2001.??.??"]

1. e4 d5 2. e5 Bf5 3. Nf3 e6 4. Be2 c5 5. d4 Nc6 6. O-O Nge7 7. dxc5 Bg4 8. Bb5
Bxf3 9. Qxf3 a6 10. Ba4 Nf5 11. b4 Be7 12. c3 O-O 13. Re1 b5 {Yousef resigns}
1-0

[Event "ICS rated blitz match"]
[Site "204.178.125.65"]
[Date "2001.07.29"]
[Round "?"]
[White "Hossa"]
[Black "kako"]
[Result "1-0"]
[WhiteElo "2583"]
[BlackElo "2110"]
[PlyCount "29"]
[EventDate "2001.??.??"]

1. e4 e6 2. d4 d5 3. Nd2 Be7 4. Ngf3 Nf6 5. e5 Nfd7 6. Bd3 c5 7. c3 b6 8. O-O
Ba6 9. Bxa6 Nxa6 10. Nb3 cxd4 11. Nbxd4 Qc8 12. Re1 O-O 13. Bg5 Bxg5 14. Nxg5
Nc7 15. Qd3 {kako resigns} 1-0

[Event "ICS rated blitz match"]
[Site "204.178.125.65"]
[Date "2001.07.29"]
[Round "?"]
[White "MasterOfFuneral"]
[Black "Hossa"]
[Result "0-1"]
[WhiteElo "2069"]
[BlackElo "2585"]
[PlyCount "33"]
[EventDate "2001.??.??"]

1. d4 d5 2. c4 Bf5 3. Nf3 e6 4. cxd5 exd5 5. Qb3 b6 6. Bg5 Be7 7. Bxe7 Nxe7 8.
e3 O-O 9. Nbd2 c5 10. Rc1 c4 11. Qb4 Nbc6 12. Qa4 b5 13. Qxb5 Rb8 14. Qa4 Rxb2
15. Be2 Nb4 16. O-O Nxa2 17. Rb1 {MasterOfFuneral resigns} 0-1

[Event "ICS rated blitz match"]
[Site "204.178.125.65"]
[Date "2001.07.29"]
[Round "?"]
[White "Hossa"]
[Black "Foe-hammer"]
[Result "0-1"]
[WhiteElo "2585"]
[BlackElo "2895"]
[PlyCount "121"]
[EventDate "2001.??.??"]

1. e4 e5 2. Nf3 Nc6 3. Bb5 a6 4. Bxc6 dxc6 5. d4 exd4 6. Qxd4 Qxd4 7. Nxd4 Bd7
8. Nc3 Bb4 9. Nde2 O-O-O 10. a3 Bc5 11. b4 Be7 12. Be3 Be6 13. O-O Bc4 14. Rfe1
Nf6 15. f3 Nd7 16. Rab1 c5 17. Red1 Bd6 18. Bg5 f6 19. Be3 Rhf8 20. f4 Rfe8 21.
Nc1 cxb4 22. axb4 Nb8 23. g4 Nc6 24. Nd3 Bxd3 25. cxd3 Nxb4 26. Rbc1 h5 27.
gxh5 Rh8 28. d4 Rxh5 29. e5 Be7 30. Rd2 g5 31. exf6 Bxf6 32. Ne2 Nd5 33. Ng3
Rh7 34. fxg5 Be7 35. g6 Rg7 36. Nf5 Rxg6+ 37. Rg2 Rxg2+ 38. Kxg2 Nxe3+ 39. Nxe3
Rxd4 40. Nf5 Rd2+ 41. Kf3 Ba3 42. Rh1 b5 43. h4 b4 44. h5 b3 45. h6 Rd8 46. Ne3
a5 47. h7 Rh8 48. Nc4 Be7 49. Nxa5 b2 50. Rb1 Bf6 51. Nb3 Rxh7 52. Nd2 Rh2 53.
Ne4 Bg7 54. Nf2 c5 55. Nd1 c4 56. Nxb2 Bxb2 57. Kg3 Rd2 58. Rh1 c3 59. Rh8+ Kb7
60. Re8 c2 61. Kg4 {Hossa resigns} 0-1

[Event "ICS rated blitz match"]
[Site "204.178.125.65"]
[Date "2001.07.29"]
[Round "?"]
[White "Foe-hammer"]
[Black "Hossa"]
[Result "1-0"]
[WhiteElo "2900"]
[BlackElo "2580"]
[PlyCount "66"]
[EventDate "2001.??.??"]

1. d4 e6 2. c4 Bb4+ 3. Bd2 a5 4. g3 Ne7 5. Nc3 d5 6. a3 Bxc3 7. Bxc3 dxc4 8. e4
f5 9. d5 O-O 10. Qd4 e5 11. Qxe5 Rf7 12. Bxc4 Ng6 13. Qd4 Qd6 14. Nf3 fxe4 15.
Ng5 Re7 16. O-O Bf5 17. f3 e3 18. Rae1 Nd7 19. Rxe3 Nde5 20. Ba2 Kh8 21. Rfe1
c5 22. dxc6 Qxd4 23. Bxd4 Nxc6 24. Bc5 h6 25. Bxe7 hxg5 26. Bxg5 Rf8 27. g4 Bd7
28. Bb1 Kh7 29. Rd1 Be8 30. Rd6 Bf7 31. h4 Kg8 32. Bxg6 Bxg6 33. Rxg6 Kh7 {
Hossa resigns} 1-0

[Event "ICS rated blitz match"]
[Site "204.178.125.65"]
[Date "2001.07.29"]
[Round "?"]
[White "Hossa"]
[Black "Tinker"]
[Result "1-0"]
[WhiteElo "2576"]
[BlackElo "2446"]
[PlyCount "83"]
[EventDate "2001.??.??"]

1. e4 e5 2. Nf3 Nf6 3. Nxe5 d6 4. Nf3 Nxe4 5. d4 d5 6. Bd3 Be7 7. O-O Nc6 8. c4
Nb4 9. Be2 O-O 10. Nc3 Be6 11. Ne5 f6 12. Nf3 Nxc3 13. bxc3 Nc6 14. cxd5 Qxd5
15. c4 Qf5 16. d5 Bxd5 17. Qxd5+ Qxd5 18. cxd5 Nd8 19. Bf4 Bd6 20. Bxd6 cxd6
21. Rac1 Re8 22. Bb5 Re7 23. Rfe1 Rxe1+ 24. Rxe1 Nf7 25. Re7 Rb8 26. Nd4 g6 27.
Ne6 f5 28. f4 a6 29. Be8 Nh6 30. Ng5 Kf8 31. Rxh7 Rxe8 32. Rxh6 Re1+ 33. Kf2
Rd1 34. Rh8+ Ke7 35. Rh7+ Ke8 36. Rxb7 Rxd5 37. Rb2 Rb5 38. Rxb5 axb5 39. Ne6
b4 40. Nc7+ Kd7 41. Nd5 Kc6 42. Nxb4+ {Tinker resigns} 1-0